[Event "Hamburg 75/397"]
[Site "?"]
[Date "1999.??.??"]
[Round "?"]
[White "Kempinski, Robert"]
[Black "Rogozenko, Dorin"]
[Result "0-1"]
[WhiteElo "2533"]
[BlackElo "2557"]
[PlyCount "96"]
[EventDate "1999.??.??"]
[Source "ChessBase"]
[SourceDate "1999.02.01"]

1. d4 Nf6 2. c4 e6 3. Nf3 d5 4. Nc3 dxc4 5. Qa4+ c6 6. Qxc4 b5 7. Qb3 Nbd7 8. g3 a6 9. Bg2 Bb7 10. O-O c5 11. dxc5 Bxc5 12. Bf4 O-O 13. Ne5 Bxg2 14. Kxg2 Nxe5 15. Bxe5 Ng4 16. Bf4 e5 17. Rad1 Qb6 18. Nd5 Qa7 19. Bc1 Nxf2 20. Rxf2 Bxf2 21. e3 Bxe3 22. Bxe3 Qb7 23. Bc5 Rfe8 24. Qf3 Kh8 25. Ne7 Qxf3+ 26. Kxf3 Rad8 27. Rd5 Rxd5 28. Nxd5 f5 29. Ne7 g6 30. Bb4 Kg7 31. Nd5 Rc8 32. Bc3 Kf7 33. a3 Ke6 34. Nb4 a5 35. Nc2 g5 36. g4 f4 37. Ne1 Rxc3+ 38. bxc3 Kd5 39. Ke2 e4 40. Nc2 Kc4 41. Nd4 b4 42. axb4 axb4 43. Kd1 bxc3 44. Nc2 f3 45. h3 h6 46. Ke1 Kb3 47. Kd1 f2 48. Ne3 c2+ 0-1

[Event "SWE-ch"]
[Site "Skara"]
[Date "2002.07.11"]
[Round "10"]
[White "Agrest, Evgenij"]
[Black "Brynell, Stellan"]
[Result "1/2-1/2"]
[WhiteElo "2584"]
[BlackElo "2506"]
[PlyCount "109"]
[EventDate "2002.06.30"]
[Source "ChessBase"]
[SourceDate "2002.11.12"]

1. Nf3 d5 2. d4 Nf6 3. c4 dxc4 4. Nc3 Nc6 5. Bg5 h6 6. Bxf6 exf6 7. e3 Bd6 8. Bxc4 O-O 9. a3 a6 10. Qc2 Re8 11. O-O f5 12. Rad1 Qf6 13. Nd5 Qd8 14. Nf4 Qf6 15. g3 Bd7 16. b4 g6 17. Qa2 Rad8 18. Rd2 g5 19. Nd5 Qg6 20. Rc1 f4 21. Bd3 Bf5 22. Qb1 Bxd3 23. Qxd3 Kg7 24. Qxg6+ Kxg6 25. gxf4 gxf4 26. Kh1 f6 27. Nxf4+ Bxf4 28. exf4 Rd5 29. Rc5 Red8 30. Rxd5 Rxd5 31. Kg2 a5 32. bxa5 Rxa5 33. Rb2 Rxa3 34. Rxb7 Rd3 35. Nh4+ Kh5 36. Nf5 Nxd4 37. Ne3 Kg6 38. Rxc7 Nf5 39. Kf3 Rd2 40. h3 Nd4+ 41. Kg2 Nf5 42. Kf3 Nd4+ 43. Kg3 Nf5+ 44. Nxf5 Kxf5 45. Rc5+ Kg6 46. Kg4 h5+ 47. Rxh5 Rxf2 48. Ra5 Rg2+ 49. Kh4 Rf2 50. Kg3 Rb2 51. Rc5 Rb1 52. h4 f5 53. Rc8 Rb3+ 54. Kf2 Kh5 55. Rg8 1/2-1/2

[Event "Kstovo op"]
[Site "Kstovo"]
[Date "1994.??.??"]
[Round "6"]
[White "Aseev, Konstantin N"]
[Black "Vaulin, Alexander"]
[Result "0-1"]
[WhiteElo "2540"]
[BlackElo "2550"]
[PlyCount "50"]
[EventDate "1994.08.??"]
[Source "ChessBase"]

1. d4 d5 2. c4 dxc4 3. Nf3 c5 4. d5 Nf6 5. Nc3 e6 6. e4 exd5 7. exd5 a6 8. a4 Bd6 9. Bxc4 O-O 10. O-O Bg4 11. Bg5 Re8 12. Bh4 Nbd7 13. Bg3 Bxf3 14. Qxf3 Ne5 15. Qe2 Qa5 16. Bd3 Qb4 17. Qc2 c4 18. Be2 b5 19. Rfd1 Qc5 20. axb5 axb5 21. Rxa8 Rxa8 22. h3 g6 23. Kh1 Ra6 24. Bh4 Ned7 25. Bf3 b4 0-1

[Event "Pardubice Open"]
[Site "Pardubice CZE"]
[Date "1993.??.??"]
[Round "5"]
[White "Khenkin, Igor"]
[Black "Vaulin, Alexander"]
[Result "1/2-1/2"]
[WhiteElo "2575"]
[BlackElo "2515"]
[PlyCount "34"]
[EventDate "1993.07.??"]
[Source "www.chesslib.no"]
[SourceDate "2004.05.04"]

1. d4 d5 2. Nf3 c5 3. c4 dxc4 4. d5 Nf6 5. Nc3 e6 6. e4 exd5 7. e5 Nfd7 8. Bg5 Be7 9. Bxe7 Qxe7 10. Nxd5 Qd8 11. Bxc4 Nc6 12. Qe2 Qa5+ 13. Kf1 Nf8 14. Rd1 Ne6 15. h4 Bd7 16. Ng5 Nxg5 17. hxg5 O-O-O 1/2-1/2

[Event "London"]
[Site "London"]
[Date "1984.??.??"]
[Round "?"]
[White "Torre, Eugenio"]
[Black "Seirawan, Yasser"]
[Result "1/2-1/2"]
[WhiteElo "2565"]
[BlackElo "2525"]
[PlyCount "152"]
[EventDate "1984.04.??"]
[Source "ChessBase"]

1. d4 d5 2. Nf3 Nf6 3. c4 dxc4 4. Nc3 c5 5. d5 e6 6. e4 exd5 7. e5 Nfd7 8. Qxd5 Nb6 9. Qxd8+ Kxd8 10. Bg5+ Ke8 11. O-O-O Be7 12. Nb5 Na6 13. Bxe7 Kxe7 14. Nd6 Nb4 15. a3 Nc6 16. Nxc4 Nxc4 17. Bxc4 Be6 18. Bd5 Bxd5 19. Rxd5 b6 20. Rd6 Rac8 21. Re1 Rhd8 22. Rd2 h6 23. Rde2 Ke6 24. Nd2 Nd4 25. Re3 c4 26. Kb1 Nf5 27. R3e2 c3 28. Nf3 cxb2 29. Kxb2 Nd4 30. Nxd4+ Rxd4 31. g3 g5 32. Rc2 Rxc2+ 33. Kxc2 Kf5 34. Re3 Rd7 35. Kc3 g4 36. f4 gxf3 37. Rxf3+ Kxe5 38. Rf4 f5 39. Rh4 Rd6 40. Kc4 a6 41. Kc3 Kd5 42. Ra4 Rc6+ 43. Kb3 b5 44. Rh4 a5 45. Kb2 Re6 46. Kc3 Kc5 47. Rf4 Re3+ 48. Kb2 Re5 49. Kc3 Re3+ 50. Kb2 Re2+ 51. Kc3 a4 52. Rxf5+ Kb6 53. Rf6+ Ka5 54. Rf8 Ra2 55. Ra8+ Kb6 56. Rb8+ Ka6 57. Kb4 Rb2+ 58. Kc5 Rc2+ 59. Kd4 Rxh2 60. Ra8+ Kb7 61. Rh8 Kc6 62. Rc8+ Kd6 63. Rd8+ Ke6 64. Rb8 Kf5 65. Rxb5+ Kg4 66. Ra5 Kxg3 67. Ke3 Rh4 68. Ra6 h5 69. Ra5 Rh1 70. Rxa4 h4 71. Ra8 Re1+ 72. Kd2 Rg1 73. Ke2 h3 74. Rg8+ Kh2 75. Rf8 Rg3 76. Kf2 Rxa3 1/2-1/2

[Event "Ptuj"]
[Site "Ptuj CRO"]
[Date "1995.??.??"]
[Round "4"]
[White "Cebalo, Miso"]
[Black "Sermek, Drazen"]
[Result "1/2-1/2"]
[WhiteElo "2570"]
[BlackElo "2515"]
[PlyCount "80"]
[EventDate "1995.??.??"]
[Source "www.chesslib.no"]
[SourceDate "2004.05.04"]

1. d4 d5 2. c4 dxc4 3. Nf3 Nf6 4. Nc3 c5 5. d5 e6 6. e4 exd5 7. e5 Nfd7 8. Bg5 Be7 9. Bxe7 Qxe7 10. Nxd5 Qd8 11. Bxc4 Nc6 12. O-O O-O 13. Re1 Nb6 14. Nxb6 axb6 15. h3 Qe7 16. Qd6 Re8 17. Rad1 h6 18. a3 Be6 19. Bxe6 Qxe6 20. Qc7 Re7 21. Qxb6 Nxe5 22. Qxe6 Nxf3+ 23. gxf3 fxe6 24. Rd6 Kf7 25. Kg2 Kf6 26. Re4 Rc8 27. Rb6 c4 28. Re3 Kf5 29. Kf1 Rc5 30. Ke2 Rd5 31. Re4 Rc7 32. Rexe6 c3 33. bxc3 Rxc3 34. Re7 g5 35. Rf7+ Ke5 36. Re7+ Kf5 37. Rf7+ Ke5 38. Rfxb7 Rxa3 39. Re7+ Kf5 40. Rf7+ Ke5 1/2-1/2

[Event "St Petersburg zt"]
[Site "St Petersburg"]
[Date "1993.??.??"]
[Round "3"]
[White "Rublevsky, Sergei"]
[Black "Sherbakov, Ruslan"]
[Result "1/2-1/2"]
[WhiteElo "2515"]
[BlackElo "2570"]
[PlyCount "31"]
[EventDate "1993.01.??"]
[Source "ChessBase"]

1. d4 d5 2. Nf3 Nf6 3. c4 e6 4. Nc3 dxc4 5. e4 c5 6. d5 exd5 7. e5 Nfd7 8. Bg5 Be7 9. Bxe7 Qxe7 10. Nxd5 Qd8 11. Bxc4 Nc6 12. O-O O-O 13. Re1 Nb6 14. Nxb6 axb6 15. h3 Be6 16. Qe2 1/2-1/2

[Event "It"]
[Site "It Cologne"]
[Date "1987.??.??"]
[Round "7"]
[White "Timman, Jan Hein"]
[Black "Polgar, Zsuzsa"]
[Result "1/2-1/2"]
[WhiteElo "2590"]
[BlackElo "2495"]
[PlyCount "106"]
[EventDate "1987.??.??"]
[Source "www.chesslib.no"]
[SourceDate "2004.05.04"]

1. d4 d5 2. c4 dxc4 3. e4 c5 4. d5 e6 5. Nc3 Nf6 6. Nf3 exd5 7. e5 Nfd7 8. Bg5 Be7 9. Bxe7 Qxe7 10. Nxd5 Qd8 11. Qc2 Nxe5 12. Qe4 Be6 13. Qxe5 Qxd5 14. Qxg7 Rf8 15. Rd1 Qe4+ 16. Be2 Nd7 17. Ng5 Qg6 18. Qxg6 hxg6 19. Nxe6 fxe6 20. Bxc4 Ke7 21. Bd3 Ne5 22. Be4 Rad8 23. Ke2 Rxd1 24. Rxd1 g5 25. b3 b5 26. h3 a5 27. Ke3 c4 28. bxc4 Nxc4+ 29. Ke2 Nd6 30. Bd3 Rc8 31. Kd2 b4 32. a3 Nc4+ 33. Bxc4 Rxc4 34. axb4 Rxb4 35. Ra1 Rb2+ 36. Ke3 Rb5 37. Ra4 Re5+ 38. Kd3 Rf5 39. f3 Kf6 40. Rc4 Rb5 41. f4 Rb2 42. fxg5+ Kxg5 43. Rg4+ Kf5 44. Kc3 Ra2 45. Rg8 e5 46. h4 e4 47. h5 e3 48. h6 e2 49. g4+ Kf4 50. Re8 Kxg4 51. h7 e1=Q+ 52. Rxe1 Rh2 53. Re7 Kf5 1/2-1/2

[Event "Buenos Aires sim"]
[Site "Buenos Aires ARG"]
[Date "1992.??.??"]
[Round "1"]
[White "Kasparov, Gary"]
[Black "Spangenberg, Hugo H"]
[Result "1-0"]
[WhiteElo "2780"]
[BlackElo "2305"]
[PlyCount "83"]
[EventDate "1992.??.??"]
[Source "www.chesslib.no"]
[SourceDate "2004.05.04"]

1. d4 d5 2. c4 dxc4 3. e4 c5 4. d5 Nf6 5. Nc3 e6 6. Nf3 exd5 7. e5 Nfd7 8. Qxd5 Nb6 9. Qxd8+ Kxd8 10. Be3 Be6 11. O-O-O+ Ke8 12. Ng5 Nc6 13. Nb5 Rc8 14. Be2 Nd4 15. Bxd4 cxd4 16. Nxe6 fxe6 17. Nxd4 Kf7 18. Bg4 Re8 19. f4 Bc5 20. g3 a6 21. h4 Re7 22. h5 Rhe8 23. Nf3 h6 24. f5 exf5 25. Bxf5 Kg8 26. g4 Rc7 27. Kc2 a5 28. Rhe1 a4 29. e6 a3 30. Bg6 Rec8 31. Bf7+ Kh7 32. Re5 Be7 33. Rb5 Na4 34. Rd7 Nc5 35. Rxc7 Rxc7 36. bxa3 Bf6 37. Rb6 Rc8 38. Ne5 Ra8 39. Nd7 Nxd7 40. exd7 Rd8 41. Bg6+ Kg8 42. Re6 1-0

[Event "Buenos Aires Najdorf"]
[Site "Buenos Aires"]
[Date "1995.??.??"]
[Round "9"]
[White "Van Wely, Loek"]
[Black "Spangenberg, Hugo"]
[Result "0-1"]
[WhiteElo "2585"]
[BlackElo "2490"]
[PlyCount "98"]
[EventDate "1995.07.??"]
[Source "ChessBase"]

1. d4 d5 2. c4 dxc4 3. e4 c5 4. d5 Nf6 5. Nc3 e6 6. Nf3 exd5 7. e5 Nfd7 8. Bg5 Be7 9. Bxe7 Qxe7 10. Nxd5 Qd8 11. Qc2 Nb6 12. O-O-O Nxd5 13. Bxc4 O-O 14. Bxd5 Qe7 15. Kb1 Na6 16. a3 Nc7 17. Be4 h6 18. Rc1 Ne6 19. Rhd1 Rb8 20. g3 b5 21. Nh4 b4 22. axb4 Rxb4 23. Rd6 Ng5 24. Bg2 Qxe5 25. Rd5 Qf6 26. Rxc5 Ba6 27. Rc6 Bd3 28. Rxf6 Bxc2+ 29. Rxc2 gxf6 30. Nf5 Kh7 31. Ne3 Rd8 32. Nd5 Rd4 33. f4 Rd1+ 34. Ka2 R1xd5 35. Bxd5 Rxd5 36. fxg5 fxg5 37. Rc7 Ra5+ 38. Kb3 Kg6 39. g4 Ra1 40. Kb4 Rh1 41. Rxa7 Rxh2 42. b3 Rg2 43. Kc5 Rxg4 44. b4 Rg1 45. b5 Rc1+ 46. Kd6 Rb1 47. Kc6 h5 48. b6 h4 49. b7 h3 0-1

[Event "Vrsac"]
[Site "?"]
[Date "1987.??.??"]
[Round "?"]
[White "Rogers, I."]
[Black "Ehlvest, J."]
[Result "1/2-1/2"]
[WhiteElo "2535"]
[BlackElo "2540"]
[PlyCount "31"]
[EventDate "1987.??.??"]
[Source "ChessBase"]
[SourceDate "1987.07.01"]

1. d4 d5 2. c4 dxc4 3. Nf3 Nf6 4. Nc3 c5 5. d5 e6 6. e4 exd5 7. e5 Nfd7 8. Bg5 Be7 9. Bxe7 Qxe7 10. Nxd5 Qd8 11. Qc2 Nxe5 12. Qe4 Be6 13. Qxe5 Qxd5 14. Qxg7 Rf8 15. Rd1 Qe4+ 16. Be2 1/2-1/2

[Event "Peer Gynt"]
[Site "Gausdal NOR"]
[Date "1991.??.??"]
[Round "9"]
[White "Khenkin, Igor"]
[Black "Vladimirov, Evgeny Y"]
[Result "1/2-1/2"]
[WhiteElo "2495"]
[BlackElo "2575"]
[PlyCount "45"]
[EventDate "1991.07.??"]
[Source "www.chesslib.no"]
[SourceDate "2004.05.04"]

1. d4 d5 2. Nf3 Nf6 3. c4 dxc4 4. Nc3 c5 5. d5 Bf5 6. Nh4 e6 7. Nxf5 exf5 8. Bf4 Bd6 9. Qa4+ Kf8 10. Qxc4 Bxf4 11. Qxf4 g6 12. Qh6+ Kg8 13. g3 Qd6 14. Bg2 Nbd7 15. O-O a6 16. e4 fxe4 17. Rfe1 Rd8 18. Nxe4 Nxe4 19. Rxe4 Nf6 20. Re2 Ng4 21. Qg5 Nf6 22. Qh6 Ng4 23. Qg5 1/2-1/2

[Event "Vienna op"]
[Site "Vienna"]
[Date "1986.??.??"]
[Round "?"]
[White "Farago, Ivan"]
[Black "Garcia Palermo, Carlos"]
[Result "1/2-1/2"]
[WhiteElo "2520"]
[BlackElo "2550"]
[PlyCount "109"]
[EventDate "1986.01.??"]
[Source "ChessBase"]

1. d4 d5 2. c4 dxc4 3. Nf3 c5 4. d5 Nf6 5. Nc3 e6 6. e4 exd5 7. e5 Nfd7 8. Qxd5 Nc6 9. Bg5 Nb6 10. Bxd8 Nxd5 11. Nxd5 Kxd8 12. O-O-O Rb8 13. Bxc4 h6 14. Rhe1 Na5 15. Nf4+ Ke7 16. Bb5 g5 17. Nd5+ Ke6 18. Nc7+ Ke7 19. Rd6 Nc6 20. b4 g4 21. Nd5+ Ke8 22. Nf6+ Ke7 23. Nh4 cxb4 24. Bxc6 bxc6 25. Red1 h5 26. Rxc6 Bh6+ 27. Kb2 Bg5 28. g3 Rb7 29. Nd5+ Kd7 30. Rd6+ Ke8 31. Nf6+ Ke7 32. Nd5+ Kf8 33. f4 gxf3 34. Nxf3 Bg4 35. Rf1 Be7 36. Nxe7 Rxe7 37. Nh4 Kg7 38. Nf5+ Bxf5 39. Rxf5 Rhe8 40. Rg5+ Kf8 41. Rh6 Rd7 42. Rh8+ Ke7 43. Rxe8+ Kxe8 44. Rxh5 Rd2+ 45. Kb3 a5 46. e6 Rd3+ 47. Kc4 Rc3+ 48. Kd4 Ra3 49. exf7+ Kxf7 50. Rf5+ Kg6 51. Rf2 Kg5 52. Ke4 Kg4 53. Ke5 Re3+ 54. Kd5 Ra3 55. Kc5 1/2-1/2